000 00885nam a2200217Ii 4500
003 JO-AjNU
008 230605s9999||||xx |||||||||||||| ||und||
017 _a1978/2777
020 _a977-201-496-1
040 _aJO-AjNU
_bara
_erda
_cJO-AjNU
041 _aara
050 1 4 _aNX580.M2 1978
100 3 _a تأليف لجنة الفنون التشكيلية بالمجلس الأعلى لرعاية الفنون والآداب والعلوم الاجتماعية,
_eauthor
_939959
245 0 0 _aالطابع القومي لفنوننا المعاصرة:دراسات وبحوث
264 3 1 _aالقاهرة:وزارة الثقافة,1978
300 _a205ص
336 _atext
_btxt
_2rdacontent
337 _aunmediated
_bn
_2rdamedia
338 _avolume
_bnc
_2rdacarrier
650 4 _aالفنون المعاصرة-الطابع القومي لفنوننا المعاصرة
_939960
999 _aA16919
_c20487
_d20487